Estatísticas para Cultura Geral

Clique aqui para jogar o quiz

Estatísticas Gerais

  • Esse quiz foi jogado 16 vezes
  • A pontuação média é 5 de 15

Estatísticas das Respostas

HintResposta% Correto
O que vendia Pablo Escobar?Cocaína
67%
Que catedral icónica de Paris foi concluída em 1345?Notre-Dame
67%
Que campo de extermínio alemão serviu para matar muitos judeus?Auschwitz
50%
Em que país você encontraria a região de Manchuria?China
42%
Durante que feriado os judeus se abstêm de comer pão fermentado?Páscoa
42%
Em qual região da Espanha podemos encontrar as cidades de Sevilha, Málaga e Córdoba?Andaluzia
33%
Que nome se dá as casas feitas de neve?Iglo
33%
O que são que são Charizard, Slowpoke e Mewtwo?Pokémons
33%
Qual cidade na costa leste da Espanha é famosa pela paella?Valência
33%
Que rio nasce em Castela e Leão e deságua perto do Porto, Portugal?Douro
25%
Em que país você encontraria a região da Bohemia?República Checa
17%
Que cidade da Galiza foi o destino dos peregrinos religiosos desde a Idade Média até ao presente?Santiago de Compostela
17%
Em que cidade alemã fica a sede da Porsche e da Mercedes?Stuttgart
8%
Qual é a segunda maior cidade da Suíça?Génova
0%
Em que estado podemos encontrar Mall of America?Minesota
0%

Distribuição das Pontuações

Percentil de Números Respondidos

Porcentagem de Pessoas com Cada Pontuação

Sua Pontuação Histórica

Você não jogou esse quiz